Natural law and the theory of society 1500 to 1800
Guardat en:
| Autor principal: | |
|---|---|
| Format: | Llibre |
| Idioma: | anglès |
| Publicat: |
Londres
Cambridge University
1950
|
| Matèries: | |
| Etiquetes: |
Afegir etiqueta
Sense etiquetes, Sigues el primer a etiquetar aquest registre!
|
MARC
| LEADER | 00000nam a2200000 a 4500 | ||
|---|---|---|---|
| 001 | UCZ5744 | ||
| 003 | CL-VaPUC | ||
| 008 | 951124e19500000UK |||||||||||||||||eng|d | ||
| 082 | 0 | 4 | |a 340.112 |b GIE |2 21 |
| 100 | |a Gierke, Otto von |e author |9 587658 | ||
| 245 | 1 | 0 | |a Natural law and the theory of society 1500 to 1800 |
| 300 | |a 423 p | ||
| 942 | |c BK | ||
| 945 | |d 19951124 00:00:00 |a cmena | ||
| 260 | |a Londres |b Cambridge University |c 1950 | ||
| 650 | 0 | |a Derecho natural |9 255041 | |
| 650 | 0 | |a Sociología del derecho |9 254890 | |
| 650 | 0 | |a Estado |9 255503 | |
| 650 | 0 | |a Sociedad |9 307903 | |
| 650 | 0 | |a Personalidad |9 307255 | |
| 583 | |a last modification |c 19951124 00:00:00 |k Rodrigo Vera | ||
| 999 | |c 242034 |d 242032 | ||
| 952 | |0 0 |1 0 |4 0 |6 340_112000000000000_GIE_1950 |7 0 |8 P |9 254716 |a BIBEDU |b BIBEDU |c BIBEDU_PB |d 2019-11-19 |i 1576720 |o 340.112 GIE 1950 |p 1576720 |r 2024-01-25 |w 2019-11-19 |y BK |k FIL | ||